000 00670nam a2200253Ia 4500
001 4939
005 20240113233809.0
007 ta
008 170601s1995 ii a g b000 u hin u
020 _cHB
040 _aCotton College Assam
041 _ahin
082 _a891.4309
_bAv 11 Vi
100 _aAvasthi, Devishankar .
245 0 _aVivek Ke Rang /
_cDevishankar Avasthi.
_hTextual Documents
250 _a1st ed. /
260 _aGuwahati :
_bBani Prakash Pvt Ltd ,
_c1995.
300 _a281p. :
_bill. ;
_c21cm .
653 _aHindi literature-Criticism
653 _aGen-Hindi
942 _2ddc
_cBK
999 _c4926
_d4926